| 000 | 01276nam a22002417a 4500 | ||
|---|---|---|---|
| 005 | 20120614170415.0 | ||
| 008 | 081007t xxu||||| |||| 00| 0 mar d | ||
| 010 | _aMAR-22487 | ||
| 020 |
_c300.00 _a9788180860416 |
||
| 035 | _aMR-15145 | ||
| 037 | _bD.B.Act /pub | ||
| 082 | _a920 | ||
| 100 | _949115 | ||
| 245 |
_aतुझिया जातीचा । मिलो आम्हां कोणी ।। / _cभाऊ मराठे एवंम अप्पा परचुरे द्वारा संकलित |
||
| 246 |
_bcomplied by Bhau Marathe and Appa Parchure _aTuziya Jaticha Milo Aamha Koni |
||
| 260 |
_aमुबंई _bपरचुरे प्रकाशन मन्दिर _c2012 |
||
| 270 |
_bमुबंई _aगोरेगांवकर बिल्डिंग,गोरेगांवक लेन,गिरगाव, _e400004 _k23854691 |
||
| 300 | 2 |
_a246पृ. _c24सेमी(अजिल्द) |
|
| 700 |
_aमराठे, भाऊ _951891 |
||
| 700 |
_aपरचुरे, अप्पा _951935 |
||
| 942 |
_2ddc _cMR _mतुझिया _h920 |
||
| 999 |
_c69584 _d69584 |
||